000 00483nam a2200181 a 4500
001 1899
005 20140414132115.0
008 020515s19uu xx 00 eng d
020 _a0-7172-1104-5
050 _aTR 371.3
_bD61 1998
245 _aDisney's first year book 2001.
260 _a[s.l.] :
_bGrolier Books,
_c1998.
300 _a97 p. : ill. ; cm.
440 _aDisney's.
650 _aShort stories
_xFiction.
650 _aChildren stories
_xFiction.
999 _c114878
_d114878